| Поле | Инд. | ПП | Название | Значение |
|---|---|---|---|---|
| Тип записи | a | |||
| Библиографический уровень | b | |||
| 001 | Контрольный номер | RU/IS/BASE/387653597 | ||
| 005 | Дата корректировки | 20200522191520.5 | ||
| 008 | Кодируемые данные | 20120413 | ||
| 084 | a | Индекс другой классификации/Индекс ББК | 60.82; 74.480.4; 74.04к2 | |
| 100 | 1_ | a | Автор | Залевский В. |
| 100 | 1_ | a | Автор | Моргунова Е. |
| 245 | a | Заглавие | Управленческий учет и контроль в высшем учебном заведении как элемент совершенствования управления высшим образовательным учреждением | |
| 504 | a | Библиография | Библиогр. | |
| 520 | a | Аннотация | Разрабатываются основные элементы системы управленческого учета и внутреннего контроля в вузе, формирующие релевантную информацию для принятия управленческих решений, направленных на повышение качества образования в условиях его модернизации. | |
| 650 | a | Основная рубрика | высшее образование | |
| a | Основная рубрика | высшие образовательные учреждения | ||
| a | Основная рубрика | образование | ||
| a | Основная рубрика | профессиональное образование | ||
| a | Основная рубрика | социальное управление | ||
| a | Основная рубрика | управленческая деятельность | ||
| 653 | a | Ключевые слова | бухгалтерский учет | |
| a | Ключевые слова | бюджет предприятия | ||
| a | Ключевые слова | информация | ||
| a | Ключевые слова | качество образования | ||
| a | Ключевые слова | образовательная политика | ||
| a | Ключевые слова | бюджетное планирование | ||
| a | Ключевые слова | принятие управленческих решений | ||
| a | Ключевые слова | реформа образования | ||
| a | Ключевые слова | Россия | ||
| a | Ключевые слова | управление бюджетом | ||
| a | Ключевые слова | управление вузом | ||
| a | Ключевые слова | управление знаниями (менеджмент знаний) | ||
| a | Ключевые слова | управление образованием | ||
| a | Ключевые слова | управление результатами | ||
| a | Ключевые слова | управленческий контроль | ||
| a | Ключевые слова | управленческий учет | ||
| a | Ключевые слова | учет | ||
| a | Ключевые слова | финансовый контроль | ||
| a | Ключевые слова | эффективность предприятия | ||
| a | Ключевые слова | эффективность управления | ||
| 773 | t | Заглавие источника | РИСК: ресурсы, информация, снабжение, конкуренция | |
| d | Дата издания источника | 2011 | ||
| g | Прочая информация | № 4. - С. 766 - 769 : табл. | ||
| w | Контрольный № источника | RU/IS/BASE/384345860 | ||
| 901 | t | Тип документа | b |